Post-recolección de hortalizas

Збережено в:
Бібліографічні деталі
Автор: Namesny Vallespir, Alicia (autora)
Формат: Книга
Мова:Іспанська
Опубліковано: Tarragona Horticultura 1993
Редагування:1a. ed
Серія:Compendio de Horticultura, 1
Предмети:
Теги: Додати тег
Немає тегів, Будьте першим, хто поставить тег для цього запису!

MARC

LEADER 00000nam a2200000 a 4500
001 UCO9061
003 CL-VaPUC
008 010119e19930000sp |||||||||||||||||spa|d
020 |a 8487729088 
082 0 4 |a 635.04  |b NAM  |2 21 
100 |a Namesny Vallespir, Alicia  |e autora  |9 500427 
245 1 0 |a Post-recolección de hortalizas 
250 |a 1a. ed 
300 |a v 
942 |c BK 
945 |d 20010119 00:00:00  |a rbrito 
260 |a Tarragona  |b Horticultura  |c 1993 
500 |a v.1: Hortaliza de hoja, tallo y flor 
500 |a v.2: bulbos, tubérculos y rizomas 
650 0 |a Horticultura  |9 259721 
650 7 |a HORTALIZA  |2 CL-VaPUC  |9 454148 
650 0 |a Acelgas  |9 405905 
650 0 |a Apio (Apium graveolens)  |9 404776 
650 7 |a ESCAROLA  |2 CL-VaPUC  |9 454149 
650 7 |a ESPINACA  |2 CL-VaPUC  |9 405804 
650 7 |a LECHUGA  |2 CL-VaPUC  |9 362147 
650 0 |a Alcachofa  |9 264482 
650 7 |a COLIFLOR  |2 CL-VaPUC  |9 405792 
650 7 |a BROCOLI  |2 CL-VaPUC  |9 264160 
650 7 |a ESPARRAGO  |2 CL-VaPUC  |9 264423 
583 |a last modification  |c 20150511 05:22:20  |k Rodrigo Vera 
490 0 |a Compendio de Horticultura, 1 
999 |c 293450  |d 293448 
952 |0 0  |1 0  |4 0  |6 635_040000000000000_NAM_1993  |7 0  |8 A  |9 344992  |a BIBAGR  |b BIBAGR  |d 2019-11-20  |h v.2  |i 3595404  |o 635.04 NAM 1993  |p 3595404  |r 2025-01-20  |w 2019-11-20  |y BK  |k AGR 
952 |0 0  |1 0  |4 0  |6 635_040000000000000_NAM_1993  |7 0  |8 A  |9 344993  |a BIBAGR  |b BIBAGR  |d 2019-11-20  |h v.1  |i 3870782  |o 635.04 NAM 1993  |p 3870782  |r 2025-01-20  |w 2019-11-20  |y BK  |k AGR 
952 |0 0  |1 0  |4 0  |6 635_040000000000000_NAM_1993  |7 0  |8 A  |9 344994  |a BIBAGR  |b BIBAGR  |d 2019-11-20  |h v.2  |i 4635639  |o 635.04 NAM 1993  |p 4635639  |r 2025-01-20  |w 2019-11-20  |y BK  |k AGR 
952 |0 0  |1 0  |4 0  |6 635_040000000000000_NAM_1993  |7 0  |8 A  |9 344995  |a BIBAGR  |b BIBAGR  |d 2019-11-20  |h v.2  |i 4635647  |o 635.04 NAM 1993  |p 4635647  |r 2025-01-20  |w 2019-11-20  |y BK  |k AGR 
952 |0 0  |1 0  |4 0  |6 635_040000000000000_NAM_1993  |7 0  |8 A  |9 344996  |a BIBAGR  |b BIBAGR  |d 2019-11-20  |h v.2  |i 4635655  |o 635.04 NAM 1993  |p 4635655  |r 2025-01-20  |w 2019-11-20  |y BK  |k AGR 
952 |0 0  |1 0  |4 0  |6 635_040000000000000_NAM_1993  |7 0  |8 A  |9 344997  |a BIBAGR  |b BIBAGR  |d 2019-11-20  |h v.1  |i 4649583  |o 635.04 NAM 1993  |p 4649583  |r 2025-01-20  |w 2019-11-20  |y BK  |k AGR 
952 |0 0  |1 0  |4 0  |6 635_040000000000000_NAM_1993  |7 0  |8 A  |9 344998  |a BIBAGR  |b BIBAGR  |d 2019-11-20  |h v.1  |i 4649591  |o 635.04 NAM 1993  |p 4649591  |r 2025-01-20  |w 2019-11-20  |y BK  |k AGR 
952 |0 0  |1 0  |4 0  |6 635_040000000000000_NAM_1993  |7 0  |8 A  |9 344999  |a BIBAGR  |b BIBAGR  |d 2019-11-20  |h v.1  |i 4649605  |o 635.04 NAM 1993  |p 4649605  |r 2025-01-20  |w 2019-11-20  |y BK  |k AGR